00440cam a2200169 a 4500001000800000005001700008008004100025010001700066020001500083040001800098041000800116080001800124082002200142100000700164101000800171245009100179447580520180307071229.0960205s1996 maua f 001 0 eng  a 96110683  a0669388130 aDLCcDLCdDLC aeng a808.042 pat00a808.042 pat2201 a25 aedu10aWriters INC :cwritten and compiled by Patrick Sebranek, Verne Meyer, and Dave Kemper.